[Event "Hamadan Iran op 11th"]
[Site "Hamadan"]
[Date "2012.07.13"]
[Round "4"]
[White "Vassalam, MT."]
[Black "Noroozi, Omid"]
[Result "0-1"]
[WhiteElo "2141"]
[BlackElo "2348"]
[PlyCount "66"]
[EventDate "2012.07.11"]
[EventType "swiss"]
[EventRounds "11"]
[EventCountry "IRI"]
[SourceTitle "CBM 149 Extra"]
[Source "ChessBase"]
[SourceDate "2012.08.24"]
[SourceVersion "1"]
[SourceVersionDate "2012.08.24"]
[SourceQuality "1"]

1. e4 c5 2. Nf3 d6 3. d4 cxd4 4. Nxd4 Nf6 5. Bd3 g6 6. c4 Bg7 7. Nc3 Nc6 8. Nxc6 bxc6 9. Be2 Be6 10. 0-0 Nd7 11. Be3 Ne5 12. Qa4 0-0 13. Rac1 c5 14. Nd5 Bd7 15. Qc2 Nc6 16. Rfd1 Nd4 17. Bxd4 Bxd4 18. b4 e6 19. Ne3 Qg5 20. b5 f5 21. exf5 gxf5 22. Bf3 Rae8 23. Qb3 e5 24. Bd5+ Be6 25. Bxe6+ Rxe6 26. Nd5 Rg6 27. Qg3 Rd8 28. Qa3 Qh4 29. g3 Bxf2+ 30. Kg2 f4 31. Qxa7 f3+ 32. Kh1 Qxh2+ 33. Kxh2 Rh6# 0-1

[Event "Esfahan Zenderood op 3rd"]
[Site "Esfahan"]
[Date "2011.09.07"]
[Round "8"]
[White "Vassalam, MT."]
[Black "Rzayev, Bahruz Iqbal Oglu"]
[Result "0-1"]
[WhiteElo "2104"]
[BlackElo "2368"]
[PlyCount "78"]
[EventDate "2011.09.02"]
[EventType "swiss"]
[EventRounds "9"]
[EventCountry "IRI"]
[SourceTitle "CBM 144 Extra"]
[Source "ChessBase"]
[SourceDate "2011.10.28"]
[SourceVersion "1"]
[SourceVersionDate "2011.10.28"]
[SourceQuality "1"]

1. e4 c5 2. Nf3 Nc6 3. d4 cxd4 4. Nxd4 Nf6 5. Nxc6 bxc6 6. Bd3 e5 7. Qe2 Bc5 8. 0-0 0-0 9. Nc3 Rb8 10. Na4 Be7 11. c4 d5 12. Bg5 d4 13. Rab1 g6 14. b3 Nh5 15. Bh6 Re8 16. g4 Bg5 17. gxh5 Bxh6 18. Kh1 Bf4 19. f3 Qh4 20. b4 Qxh5 21. Nc5 Bh3 22. Rg1 Kh8 23. Bc2 f5 24. a4 Rbd8 25. Bd3 Be3 26. Rg3 f4 27. Rxh3 Qxh3 28. a5 g5 29. Qg2 Qh4 30. a6 h5 31. b5 cxb5 32. cxb5 Rd6 33. Na4 Rb8 34. Qc2 Qh3 35. Rf1 Rc8 36. Qg2 g4 37. Rb1 Qxf3 38. Qxf3 gxf3 39. h3 Rg6 0-1

[Event "Fajr op 18th"]
[Site "Mashhad"]
[Date "2010.02.24"]
[Round "8"]
[White "Hosseinzadeh, Nima"]
[Black "Vassalam, MT."]
[Result "0-1"]
[WhiteElo "2293"]
[BlackElo "2135"]
[PlyCount "88"]
[EventDate "2010.02.20"]
[EventType "swiss"]
[EventRounds "11"]
[EventCountry "IRI"]
[SourceTitle "CBM 135 Extra"]
[Source "ChessBase"]
[SourceDate "2010.05.04"]
[SourceVersion "1"]
[SourceVersionDate "2010.05.04"]
[SourceQuality "1"]

1. e4 e5 2. Nf3 Nc6 3. Bb5 Nd4 4. Nxd4 exd4 5. 0-0 Bc5 6. c3 c6 7. Bc4 d6 8. d3 b5 9. Bb3 Ne7 10. cxd4 Bxd4 11. Nc3 0-0 12. a4 b4 13. Ne2 Bb6 14. d4 a5 15. Bg5 h6 16. Be3 d5 17. e5 f6 18. exf6 Rxf6 19. Bf4 Ng6 20. Bg3 Ra7 21. Rc1 Re7 22. Bc2 Ba6 23. Bd3 Qc8 24. Kh1 Bxd3 25. Qxd3 Re4 26. f3 Re8 27. Rc2 Bc7 28. Rfc1 Bxg3 29. hxg3 Qe6 30. Nf4 Nxf4 31. gxf4 Rc8 32. Rc5 Rxf4 33. Rxa5 Rcf8 34. Rac5 Rxf3 35. Qd2 Rf1+ 36. Rxf1 Rxf1+ 37. Kh2 Qg4 38. Qe3 Qh4+ 39. Qh3 Qe1 40. Qc8+ Kh7 41. Kh3 Rh1+ 42. Kg4 Qe4+ 43. Kg3 Qe3+ 44. Kg4 h5+ 0-1

[Event "Fajr op 13th"]
[Site "Tehran"]
[Date "2005.01.31"]
[Round "8"]
[White "Vassalam, MT."]
[Black "Ghanbari, Rasool"]
[Result "0-1"]
[WhiteElo "2184"]
[BlackElo "2234"]
[PlyCount "44"]
[EventDate "2005.01.04"]
[EventType "swiss"]
[EventRounds "9"]
[EventCountry "IRI"]
[SourceTitle "CBM 104 Extra"]
[Source "ChessBase"]
[SourceDate "2005.03.01"]
[SourceVersion "1"]
[SourceVersionDate "2005.03.01"]
[SourceQuality "1"]

1. e4 g6 2. Bc4 Nf6 3. e5 d5 4. exf6 dxc4 5. Qe2 Be6 6. Na3 Qd5 7. fxe7 Bxe7 8. Nf3 Nc6 9. 0-0 0-0 10. h3 g5 11. Nh2 Nd4 12. Qd1 Bd6 13. c3 Qe5 14. f4 Ne2+ 15. Kh1 Ng3+ 16. Kg1 Bc5+ 17. d4 cxd3+ 18. Rf2 Bxf2+ 19. Kxf2 Ne4+ 20. Kf1 Qc5 21. Qf3 d2 22. Bxd2 Nxd2+ 0-1

[Event "IRI-ch"]
[Site "Mashad"]
[Date "2003.09.25"]
[Round "3"]
[White "Vassalam, MT."]
[Black "Pirmaleki, Saeid"]
[Result "1-0"]
[WhiteElo "2243"]
[BlackElo "2142"]
[PlyCount "123"]
[EventDate "2003.09.24"]
[EventType "swiss"]
[EventRounds "11"]
[EventCountry "IRI"]
[SourceTitle "CBM 096 Extra"]
[Source "ChessBase"]
[SourceDate "2003.10.22"]
[SourceVersion "2"]
[SourceVersionDate "2003.10.20"]
[SourceQuality "1"]

1. e4 c5 2. Nf3 d6 3. d4 cxd4 4. Nxd4 Nf6 5. Bd3 g6 6. 0-0 Bg7 7. c4 0-0 8. Nc3 Nc6 9. Nxc6 bxc6 10. Kh1 c5 11. Bg5 Bd7 12. Qd2 Rb8 13. Rab1 Bc6 14. Bh6 Rb7 15. Bxg7 Kxg7 16. b3 Qd7 17. h3 e5 18. Rbd1 Qe7 19. Kh2 Nh5 20. Be2 Nf6 21. Qe3 Ne8 22. Rd2 Nc7 23. Nd5 Nxd5 24. exd5 Bd7 25. Qc3 f5 26. a3 Rfb8 27. Rb2 Qf6 28. b4 g5 29. b5 Rh8 30. g3 f4 31. gxf4 Qxf4+ 32. Qg3 Rf8 33. a4 Rf6 34. Qxf4 gxf4 35. Rg1+ Rg6 36. Bg4 Bxg4 37. Rxg4 Rxg4 38. hxg4 e4 39. a5 Kf6 40. b6 axb6 41. Rxb6 Rd7 42. a6 Ke5 43. Rb7 Rd8 44. a7 Ra8 45. Rxh7 e3 46. fxe3 fxe3 47. Kg2 Kf4 48. Kf1 Kxg4 49. Rf7 Kg5 50. Ke2 Kg6 51. Rd7 Kf5 52. Kxe3 Re8+ 53. Kd3 Ra8 54. Kc3 Ke5 55. Rb7 Ke4 56. Re7+ Kf5 57. Kb3 Kf6 58. Rd7 Ke5 59. Ka4 Kd4 60. Kb5 Kc3 61. Kb6 Kxc4 62. Rxd6 1-0